Художественная открытка: альбом
| المؤلف الرئيسي: | |
|---|---|
| مؤلفون آخرون: | |
| الملخص: | К столетию открытки в России В суперобложке Авт. и загл. указаны на корешке В альбоме представлены все виды художественной открытки за вековую историю ее существования, воспроизводится в цвете 495 открыток. |
| اللغة: | الروسية |
| منشور في: |
Москва, Галарт, 1993
|
| الموضوعات: | |
| التنسيق: | كتاب |
| KOHA link: | https://koha.lib.tpu.ru/cgi-bin/koha/opac-detail.pl?biblionumber=198302 |
MARC
| LEADER | 00000nam0a2200000 4500 | ||
|---|---|---|---|
| 001 | 198302 | ||
| 005 | 20231031183945.0 | ||
| 010 | |a 526900688Х | ||
| 035 | |a (RuTPU)RU\TPU\book\216289 | ||
| 090 | |a 198302 | ||
| 100 | |a 20110628d1993 m y0rusy50 ca | ||
| 101 | 0 | |a rus | |
| 102 | |a RU | ||
| 105 | |a ac z 011zy | ||
| 200 | 1 | |a Художественная открытка |e альбом |f М. Я. Чапкина |g худ. Г.Б. Лукашевич | |
| 210 | |a Москва |c Галарт |d 1993 | ||
| 215 | |a 304 с. |c ил. |d 29,5 см. | ||
| 300 | |a К столетию открытки в России | ||
| 300 | |a В суперобложке | ||
| 300 | |a Авт. и загл. указаны на корешке | ||
| 300 | |a В альбоме представлены все виды художественной открытки за вековую историю ее существования, воспроизводится в цвете 495 открыток. | ||
| 320 | |a Основная литература об открытках: с. 294 | ||
| 320 | |a Список художников, работавших в открытке в 1898-1940-х годах: с. 290 | ||
| 320 | |a Список иллюстраций: с. 295-303 | ||
| 320 | |a Примечания в конце разделов. | ||
| 610 | 1 | |a русская открытка | |
| 610 | 1 | |a открытки | |
| 610 | 1 | |a история | |
| 610 | 1 | |a художественные открытки | |
| 610 | 1 | |a 19 век | |
| 610 | 1 | |a 20 век | |
| 610 | 1 | |a изобразительное искусство | |
| 610 | 1 | |a альбомы | |
| 675 | |a 769(084) |v 3 | ||
| 686 | |a Ч611.68 |v LBC/SL-A |2 rubbk | ||
| 700 | 1 | |a Чапкина |b М. Я. |g Мария Яковлевна | |
| 702 | 1 | |a Лукашевич |b Г.Б. |4 040 | |
| 801 | 1 | |a RU |b 63413507 |c 20110628 | |
| 801 | 2 | |a RU |b 63413507 |c 20110628 |g RCR | |
| 942 | |c BK | ||